Loading...
| Science - Biology | 0 | 7 | 0 | 2 | 70 | 81 | 101.14 | 2 | 7 | 0.00 | 0.00 |
| Fine Arts - Painting and Sculpture | 0 | 6 | 0 | 0 | 60 | 90 | 106.00 | 4 | 6 | 0.00 | 0.00 |
| Social Science | 0 | 4 | 0 | 2 | 40 | 64 | 92.50 | 3 | 4 | 0.00 | 0.00 |
| Literature - World | 0 | 4 | 1 | 3 | 35 | 133 | 138.50 | 2 | 4 | 0.00 | 0.00 |
| Fine Arts - Classical Music | 0 | 3 | 0 | 1 | 30 | 133 | 136.67 | 1 | 3 | 0.00 | 0.00 |
| Mythology | 0 | 3 | 0 | 0 | 30 | 61 | 102.33 | 2 | 3 | 0.00 | 0.00 |
| Fine Arts - Other | 0 | 3 | 1 | 1 | 25 | 86 | 117.33 | 1 | 3 | 0.00 | 0.00 |
| Literature - British | 0 | 3 | 2 | 1 | 20 | 137 | 143.33 | 0 | 3 | 0.00 | 0.00 |
| Literature - American | 0 | 2 | 1 | 0 | 15 | 87 | 92.50 | 1 | 2 | 0.00 | 0.00 |
| Philosophy | 0 | 1 | 0 | 1 | 10 | 130 | 130.00 | 0 | 1 | 0.00 | 0.00 |
| Literature - European | 0 | 2 | 2 | 0 | 10 | 93 | 96.50 | 1 | 2 | 0.00 | 0.00 |
| Religion | 0 | 2 | 2 | 1 | 10 | 100 | 116.50 | 1 | 2 | 0.00 | 0.00 |
| History - American | 0 | 1 | 0 | 0 | 10 | 103 | 103.00 | 0 | 1 | 0.00 | 0.00 |
| History - Other | 0 | 1 | 1 | 0 | 5 | 111 | 111.00 | 1 | 1 | 0.00 | 0.00 |
| History - European | 0 | 1 | 2 | 1 | 0 | 151 | 151.00 | 1 | 1 | 0.00 | 0.00 |
| Science - Chemistry | 0 | 0 | 0 | 0 | 0 | 0.00 | 0 | 0 | 0.00 | 0.00 | |
| Science - Other | 0 | 0 | 0 | 0 | 0 | 0.00 | 0 | 0 | 0.00 | 0.00 | |
| Pop Culture | 0 | 0 | 1 | 0 | -5 | 0.00 | 0 | 0 | 0.00 | 0.00 | |
| History - World | 0 | 0 | 1 | 0 | -5 | 0.00 | 0 | 0 | 0.00 | 0.00 |